MARC details
| 000 -LEADER |
| fixed length control field |
03748nam a2200697 4500 |
| 020 ## - INTERNATIONAL STANDARD BOOK NUMBER |
| International Standard Book Number |
9781250852403 |
| Qualifying information |
(hardcover) |
| 020 ## - INTERNATIONAL STANDARD BOOK NUMBER |
| International Standard Book Number |
978-1035063239 |
| 020 ## - INTERNATIONAL STANDARD BOOK NUMBER |
| International Standard Book Number |
1250852404 |
| Qualifying information |
(hardcover) |
| 035 ## - SYSTEM CONTROL NUMBER |
| System control number |
23621089 |
| 035 ## - SYSTEM CONTROL NUMBER |
| System control number |
(OCoLC)1498526863 |
| 040 ## - CATALOGING SOURCE |
| Original cataloging agency |
IG# |
| Language of cataloging |
eng |
| Description conventions |
rda |
| Transcribing agency |
IG# |
| Modifying agency |
OJ4 |
| -- |
OCLCO |
| -- |
HBP |
| -- |
OCP |
| -- |
RB0 |
| -- |
JQF |
| -- |
CNCAR |
| -- |
SDD |
| -- |
GE2 |
| -- |
TOH |
| -- |
VP@ |
| -- |
MQQ |
| -- |
PBJ |
| -- |
OCO |
| -- |
JBI |
| -- |
EHH |
| -- |
MWD |
| -- |
OCLCO |
| -- |
OCLCQ |
| -- |
FAYTV |
| -- |
DLC |
| 042 ## - AUTHENTICATION CODE |
| Authentication code |
lccopycat |
| 043 ## - GEOGRAPHIC AREA CODE |
| Geographic area code |
n-us--- |
| 082 04 - DEWEY DECIMAL CLASSIFICATION NUMBER |
| Classification number |
741.5/973 |
| Edition number |
23/eng/20250210 |
| 100 1# - MAIN ENTRY--PERSONAL NAME |
| Personal name |
Green, John Patrick, |
| Relator term |
author. |
| 9 (RLIN) |
82434 |
| 245 ## - TITLE STATEMENT |
| Title |
Agents of S.U.I.T. |
| Name of part/section of a work |
Wild ghost chase / |
| Statement of responsibility, etc |
written by John Patrick Green and Christopher Hastings ; illustrated by Pat Lewis ; with color by Wes Dzoiba. |
| 246 ## - VARYING FORM OF TITLE |
| Title proper/short title |
Agents of suit |
| 300 ## - PHYSICAL DESCRIPTION |
| Extent |
200 pages : |
| Other physical details |
color illustrations ; |
| Dimensions |
22 cm. |
| 490 ## - SERIES STATEMENT |
| Series statement |
Agents of S.U.I.T. ; |
| Volume number/sequential designation |
3 of 4 |
| 520 ## - SUMMARY, ETC. |
| Summary, etc |
"Pondering that conundrum is what has kept the dearly departed General Inspectre tethered to Earth long after he should have moved onto the great super-spy base in the sky. Having a ghost haunting thehalls of S.U.I.T. wouldn't be so bad...except he's possessed Monocle to serve as his Earthly form! Zeb--along with Cilantro, Bongo, Marsha, and cameos from everyone's favorite Gators--must decipher the series' biggest mystery EVER to free their pal and finish the Inspectre's unfinished business!"-- |
| 650 #0 - SUBJECT ADDED ENTRY--TOPICAL TERM |
| Topical term or geographic name as entry element |
Private investigators |
| Form subdivision |
Comic books, strips, etc. |
| 9 (RLIN) |
85957 |
| 650 #0 - SUBJECT ADDED ENTRY--TOPICAL TERM |
| Topical term or geographic name as entry element |
Chameleons |
| Form subdivision |
Comic books, strips, etc. |
| 9 (RLIN) |
87354 |
| 650 #0 - SUBJECT ADDED ENTRY--TOPICAL TERM |
| Topical term or geographic name as entry element |
Sheep |
| Form subdivision |
Comic books, strips, etc. |
| 9 (RLIN) |
87355 |
| 650 #0 - SUBJECT ADDED ENTRY--TOPICAL TERM |
| Topical term or geographic name as entry element |
Lizards |
| Form subdivision |
Comic books, strips, etc. |
| 9 (RLIN) |
87356 |
| 650 #0 - SUBJECT ADDED ENTRY--TOPICAL TERM |
| Topical term or geographic name as entry element |
Ghosts |
| Form subdivision |
Comic books, strips, etc. |
| 9 (RLIN) |
87357 |
| 650 #0 - SUBJECT ADDED ENTRY--TOPICAL TERM |
| Topical term or geographic name as entry element |
Comic books, strips, etc. |
| Geographic subdivision |
United States. |
| 9 (RLIN) |
53931 |
| 650 #1 - SUBJECT ADDED ENTRY--TOPICAL TERM |
| Topical term or geographic name as entry element |
Private investigators |
| Form subdivision |
Fiction. |
| 650 #1 - SUBJECT ADDED ENTRY--TOPICAL TERM |
| Topical term or geographic name as entry element |
Chameleons |
| Form subdivision |
Fiction. |
| 650 #1 - SUBJECT ADDED ENTRY--TOPICAL TERM |
| Topical term or geographic name as entry element |
Sheep |
| Form subdivision |
Fiction. |
| 650 #1 - SUBJECT ADDED ENTRY--TOPICAL TERM |
| Topical term or geographic name as entry element |
Lizards |
| Form subdivision |
Fiction. |
| 650 #1 - SUBJECT ADDED ENTRY--TOPICAL TERM |
| Topical term or geographic name as entry element |
Ghosts |
| Form subdivision |
Fiction. |
| 650 #1 - SUBJECT ADDED ENTRY--TOPICAL TERM |
| Topical term or geographic name as entry element |
Cartoons and comics. |
| 650 #7 - SUBJECT ADDED ENTRY--TOPICAL TERM |
| Topical term or geographic name as entry element |
JUVENILE FICTION / Comics & Graphic Novels / Mystery & Detective. |
| 9 (RLIN) |
85963 |
| 650 #7 - SUBJECT ADDED ENTRY--TOPICAL TERM |
| Topical term or geographic name as entry element |
JUVENILE FICTION / Comics & Graphic Novels / Animals. |
| 9 (RLIN) |
85964 |
| 650 #7 - SUBJECT ADDED ENTRY--TOPICAL TERM |
| Topical term or geographic name as entry element |
JUVENILE FICTION / Comics & Graphic Novels / Humorous. |
| 9 (RLIN) |
73395 |
| 650 #7 - SUBJECT ADDED ENTRY--TOPICAL TERM |
| Topical term or geographic name as entry element |
Private investigators |
| Form subdivision |
Comic books, strips, etc. |
| 9 (RLIN) |
85957 |
| 650 #7 - SUBJECT ADDED ENTRY--TOPICAL TERM |
| Topical term or geographic name as entry element |
Chameleons |
| Form subdivision |
Comic books, strips, etc. |
| 9 (RLIN) |
87354 |
| 650 #7 - SUBJECT ADDED ENTRY--TOPICAL TERM |
| Topical term or geographic name as entry element |
Sheep |
| Form subdivision |
Comic books, strips, etc. |
| 9 (RLIN) |
87355 |
| 650 #7 - SUBJECT ADDED ENTRY--TOPICAL TERM |
| Topical term or geographic name as entry element |
Lizards |
| Form subdivision |
Comic books, strips, etc. |
| 9 (RLIN) |
87356 |
| 650 #7 - SUBJECT ADDED ENTRY--TOPICAL TERM |
| Topical term or geographic name as entry element |
Ghosts |
| Form subdivision |
Comic books, strips, etc. |
| 9 (RLIN) |
87357 |
| 650 #7 - SUBJECT ADDED ENTRY--TOPICAL TERM |
| Topical term or geographic name as entry element |
Comic books, strips, etc. |
| 653 ## - INDEX TERM--UNCONTROLLED |
| Uncontrolled term |
WHODUNNIT |
| -- |
ANIMAL DETECTIVES |
| -- |
JON PATRICK GREEN |
| -- |
SPY TEAM |
| -- |
SLEUTHS |
| -- |
ANTHROPOMORPHIC ANIMALS |
| -- |
SUIT |
| -- |
PUNS |
| -- |
YOUNG READERS |
| -- |
WHODUNIT |
| -- |
GHOST STORY FOR KIDS |
| -- |
REPTILES |
| -- |
CROCODILES |
| -- |
PAT LEWIS |
| -- |
HAUNTING |
| -- |
REPTILE COMICS |
| -- |
JOHN GREENE |
| -- |
WHO DONE IT |
| -- |
ALLIGATORS |
| 655 #0 - INDEX TERM--GENRE/FORM |
| Genre/form data or focus term |
Funny animal comics. |
| 9 (RLIN) |
81286 |
| 655 #0 - INDEX TERM--GENRE/FORM |
| Genre/form data or focus term |
Humorous comics. |
| 9 (RLIN) |
73763 |
| 655 #0 - INDEX TERM--GENRE/FORM |
| Genre/form data or focus term |
Detective and mystery comics. |
| 9 (RLIN) |
82443 |
| 655 #0 - INDEX TERM--GENRE/FORM |
| Genre/form data or focus term |
Graphic novels. |
| 655 #7 - INDEX TERM--GENRE/FORM |
| Genre/form data or focus term |
Funny animal comics. |
| Source of term |
lcgft |
| 9 (RLIN) |
81286 |
| 655 #7 - INDEX TERM--GENRE/FORM |
| Genre/form data or focus term |
Humorous comics. |
| Source of term |
lcgft |
| 9 (RLIN) |
73763 |
| 655 #7 - INDEX TERM--GENRE/FORM |
| Genre/form data or focus term |
Detective and mystery comics. |
| Source of term |
lcgft |
| 9 (RLIN) |
82443 |
| 655 #7 - INDEX TERM--GENRE/FORM |
| Genre/form data or focus term |
Comics (Graphic works) |
| Source of term |
lcgft |
| 9 (RLIN) |
73761 |
| 655 #7 - INDEX TERM--GENRE/FORM |
| Genre/form data or focus term |
Graphic novels. |
| Source of term |
lcgft |
| 9 (RLIN) |
87358 |
| 655 #7 - INDEX TERM--GENRE/FORM |
| Genre/form data or focus term |
Graphic books. |
| Source of term |
local |
| 9 (RLIN) |
77202 |
| 655 #7 - INDEX TERM--GENRE/FORM |
| Genre/form data or focus term |
Bandes dessinées policières. |
| Source of term |
rvmgf |
| 9 (RLIN) |
85976 |
| 655 #7 - INDEX TERM--GENRE/FORM |
| Genre/form data or focus term |
Bandes dessinées anthropomorphiques. |
| Source of term |
rvmgf |
| 9 (RLIN) |
85973 |
| 655 #7 - INDEX TERM--GENRE/FORM |
| Genre/form data or focus term |
Bandes dessinées humoristiques. |
| Source of term |
rvmgf |
| 9 (RLIN) |
85974 |
| 655 #7 - INDEX TERM--GENRE/FORM |
| Genre/form data or focus term |
Bandes dessinées. |
| Source of term |
rvmgf |
| 9 (RLIN) |
85975 |
| 655 #7 - INDEX TERM--GENRE/FORM |
| Genre/form data or focus term |
Fiction. |
| Source of term |
lcgft |
| 9 (RLIN) |
52739 |
| 942 ## - ADDED ENTRY ELEMENTS (KOHA) |
| Source of classification or shelving scheme |
|
| Koha item type |
Book |